000 00721nam a2200253Ia 4500
003 OSt
005 20220928102926.0
006 a|||||r|||| 00| 0
007 ta
008 220927b |||||||| |||| 00| 0 eng d
020 _c295
024 _a105464
037 _b1109, 18/02/2010, Kiran Book Service
_cTextual
040 _aSDCL
_cSDCL
_beng
041 _2eng
_aeng
082 _aXxN33, 152 P6
100 _aSen Amartaya
_9401292
245 0 _aHinsa aur asmita ka sankat.
260 _aDelhi
_bRajpal And Sons
_c2006
300 _a190p
_ccm.
650 _aHindi
_9391598
942 _hXxN33, 152 P6
_cTEXL
_2CC
999 _c717179
_d717179